000 00444nam a2200169Ia 4500
008 230524s9999 xx 000 0 und d
020 _a0071134794
082 _a621.38456
_bLEE
100 _aWilliam C.Y.Lee
245 0 _aMobile Cellular Telecommunications - Analog and Digital Systems
250 _a2ND
260 _aNEW DELHI
_bMGH
_c1995
300 _aVIII;655
500 _aQuantity Number: 62
650 _aElectronics
942 _cBK
999 _c37133
_d37133